000 01001cam a2200301 a 4500
001 4414371
003 OSt
005 20230605123450.0
008 930611s1994 coua b 001 0 eng
010 _a 93014453
020 _a1555874304 (alk. paper)
040 _aDLC
_cDLC
_dDLC
043 _af-ke---
050 0 0 _aHC865
_b.H56 1994
082 0 0 _a330.22
_220
_bHIM
100 1 _aHimbara, David,
_d1950-
245 1 0 _aKenyan capitalists, the state, and development /
_cby David Himbara.
260 _aBoulder :
_bL. Rienner Publishers,
_c1994.
300 _axvi, 192 p. :
_bill. ;
_c24 cm.
504 _aIncludes bibliographical references (p. 173-183) and index.
650 0 _aCapitalism
_zKenya.
650 0 _aEast Indians
_zKenya.
650 0 _aBusinesspeople
_zKenya.
651 0 _aKenya
_xEconomic policy.
906 _a7
_bcbc
_corignew
_d1
_eocip
_f19
_gy-gencatlg
942 _2ddc
_cBK
999 _c384
_d384